000 00298nam a22001217a 4500
040 _cSY
082 _a519 BAR 1994 C176
100 _aBarbara M. Byrne
245 _astructural equation modeling with EQS and EQS/Windows
260 _aAmerica
_bBarbara M. Byrne
_c1994
300 _a287
942 _cEK
999 _c11142
_d11142